000 00450nam a2200157Ia 4500
005 20240514050156.0
008 240331s9999 xx 000 0 und d
082 _bMOL
_a331.62
100 _aMoldrich, Donovan
245 0 _aBitter Berry Bondage :
_bthe nineteenth century coffee workers of Sri Lanka
_cDonovan, Moldrich
260 _aKandy
_bCeylon printers limited
_c1990
300 _a207, p .,
650 _aEconomic
650 _alaws
942 _cL
999 _c2685
_d2685